000 00425nam a2200169 a 4500
001 0000-8575
003 ELIB.Books
008 110520 0000
035 _a(ELIB.Books)0000-8721
082 _a251
_bMor
100 _aMorgan, G. Cambell
245 _aThe Voice of the Devil
260 _bLondon: Fleming H. Revell Company
_c0
650 _aPreaching
942 _2ddc
_cBK
998 _cbat
_e2011-05-20
999 _c8575
_d8575